000 00389nam a2200157Ia 4500
008 210210b1980 xxu||||| |||| 00| 0 eng d
082 _a539.7 SHIN
100 _aSHIROKOV (Yu M) & YUDIN (N P).
245 _aNuclear physics.V1.
260 _aMoscow
_bMir Publishers
_c1980
300 _a445
440 _a1
650 _aNuclear Physics
690 _aAtomic Physics
906 _aSG01967
999 _c113507
_d113507